[Event "Cali op-D"]
[Site "Cali"]
[Date "2008.12.28"]
[Round "6"]
[White "Idarraga, Jorge"]
[Black "Chillambo, Kevin"]
[Result "1-0"]
[WhiteElo "1400"]
[BlackElo "1400"]
[PlyCount "76"]
[EventDate "2008.12.26"]
[EventType "swiss"]
[EventRounds "9"]
[EventCountry "COL"]
[SourceTitle "EXT 2011"]
[Source "ChessBase"]
[SourceDate "2010.11.26"]
[SourceVersion "1"]
[SourceVersionDate "2010.11.26"]
[SourceQuality "1"]

1. e4 e5 2. Nf3 Nc6 3. Bc4 Bc5 4. d3 Nf6 5. Bg5 0-0 6. Nc3 h6 7. Bh4 d6 8. h3 Qe7 9. Nd5 Qd8 10. 0-0 b6 11. c3 Bb7 12. b4 g5 13. Nxf6+ Qxf6 14. Bg3 Bxb4 15. cxb4 Nxb4 16. Rb1 Na6 17. Bxa6 Bxa6 18. Re1 Rae8 19. d4 exd4 20. Qxd4 Qxd4 21. Nxd4 Bd3 22. Rbc1 Rxe4 23. Rxe4 Bxe4 24. Rxc7 a5 25. Bxd6 Rd8 26. Be5 Bd5 27. Nc6 Re8 28. Ne7+ Rxe7 29. Rxe7 Bxa2 30. Bc7 Kf8 31. Re2 Bc4 32. Rc2 Bd3 33. Rb2 b5 34. Bxa5 Bc4 35. Bc3 f5 36. Kh2 f4 37. g3 fxg3+ 38. Kxg3 Kf7 1-0

[Event "Cali op-D"]
[Site "Cali"]
[Date "2008.12.27"]
[Round "3"]
[White "Idarraga, Jorge"]
[Black "Arboleda, Sary"]
[Result "0-1"]
[WhiteElo "1400"]
[BlackElo "1400"]
[PlyCount "72"]
[EventDate "2008.12.26"]
[EventType "swiss"]
[EventRounds "9"]
[EventCountry "COL"]
[SourceTitle "EXT 2011"]
[Source "ChessBase"]
[SourceDate "2010.11.26"]
[SourceVersion "1"]
[SourceVersionDate "2010.11.26"]
[SourceQuality "1"]

1. e4 e5 2. Nf3 Nc6 3. Bc4 Nf6 4. Ng5 Qe7 5. Nc3 h6 6. Nf3 Qd8 7. d3 Bc5 8. 0-0 0-0 9. Be3 Bxe3 10. fxe3 d6 11. d4 exd4 12. exd4 Na5 13. Bd5 Nxd5 14. Nxd5 Be6 15. Nc3 Nc4 16. Qe2 Nxb2 17. d5 Bd7 18. Rab1 Na4 19. Nxa4 Bxa4 20. Rxb7 Qc8 21. Rb4 Qd7 22. Rc1 a5 23. Rb2 Rab8 24. Rcb1 Rxb2 25. Rxb2 c6 26. dxc6 Qxc6 27. Nd4 Qc5 28. Kf1 Qxd4 29. Qd3 Qxb2 30. Qxd6 Qxc2 31. Qd5 Bc6 32. Qxa5 Bxe4 33. a4 Qxg2+ 34. Ke1 Rc8 35. Kd1 Rc1+ 36. Kxc1 Qc2# 0-1